| 000 | 00543nam a22001937a 4500 | ||
|---|---|---|---|
| 005 | 20241206092644.0 | ||
| 008 | 241206b ||||| |||| 00| 0 eng d | ||
| 020 | _a9789391155797 | ||
| 040 | _cAL | ||
| 041 | _aEnglish | ||
| 082 |
_223 _a658.3008 _bSAPG |
||
| 100 |
_aSapna S _9188089 |
||
| 245 | _aGender Inclusivity and Business Imperatives | ||
| 260 |
_aBengaluru _bMPP House _c2024 |
||
| 300 |
_a262 p. _bPB _c23x15 cm. |
||
| 365 |
_a1060 _b₹361.35 _c₹ _d₹495.00 _e27% _f28-11-2024 |
||
| 700 |
_aSAPNA (S) _9188090 |
||
| 942 |
_2ddc _cBK |
||
| 999 |
_c232155 _d232155 |
||